Hermeneutica sacra seu introductio in omnes et singulos libros sacros veteris ac novis foederis
Gardado en:
| Autor Principal: | |
|---|---|
| Formato: | Libro |
| Idioma: | latín |
| Publicado: |
Turín
Hyacinthi Marietti
1891
|
| Edición: | 17a. ed |
| Subjects: | |
| Tags: |
Engadir etiqueta
Sen Etiquetas, Sexa o primeiro en etiquetar este rexistro!
|
MARC
| LEADER | 00000cam a2200000 a 4500 | ||
|---|---|---|---|
| 001 | UCD2811 | ||
| 003 | CL-VaPUC | ||
| 008 | 160512e18910000it |||||||||||||||||lat|d | ||
| 082 | 0 | 4 | |a 220.63 |b IAN |2 21 |
| 100 | 0 | |a Ianssens, I. H |e author |9 586171 | |
| 245 | 1 | 0 | |a Hermeneutica sacra seu introductio in omnes et singulos libros sacros veteris ac novis foederis |
| 250 | |a 17a. ed | ||
| 300 | |a 412 p | ||
| 942 | |c BK | ||
| 945 | |d 20160512 21:36:00 |a dcastane | ||
| 260 | |a Turín |b Hyacinthi Marietti |c 1891 | ||
| 650 | 0 | |a Hermenéutica bíblica |9 545472 | |
| 583 | |a last modification |c 20160512 21:36:00 |k Rodrigo Vera | ||
| 999 | |c 363922 |d 363920 | ||
| 952 | |0 0 |1 0 |3 erd |4 0 |6 220_630000000000000_IAN_1891 |7 0 |8 X |9 476761 |a BIBTEO |b BIBTEO |c TEO_FFR |i 5231361 |o 220.63 IAN 1891 |p 5231361 |r 2024-01-18 |w 2019-11-24 |y BK_X |z Catalogado en:20160512 |k OFM | ||
| 952 | |0 0 |1 0 |3 erd |4 0 |6 220_630000000000000_IAN_1891 |7 0 |8 X |9 476762 |a BIBTEO |b BIBTEO |c TEO_FFR |i 5231353 |o 220.63 IAN 1891 |p 5231353 |r 2024-01-18 |w 2019-11-24 |y BK_X |z Catalogado en:20160512 |k OFM | ||